Religion, philosophy, and science (Record no. 835)

MARC details
000 -LEADER
fixed length control field 01074 a2200265 4500
008 - FIXED-LENGTH DATA ELEMENTS--GENERAL INFORMATION
fixed length control field 080723t xxu||||| |||| 00| 0 eng d
010 ## - LIBRARY OF CONGRESS CONTROL NUMBER
LC control number ENG-84985
020 ## - INTERNATIONAL STANDARD BOOK NUMBER
International Standard Book Number 8179860647
Terms of availability 500.00
035 ## - SYSTEM CONTROL NUMBER
System control number EN-68518
037 ## - SOURCE OF ACQUISITION
Source of stock number/acquisition D.B.Act / Pub
082 ## - DEWEY DECIMAL CLASSIFICATION NUMBER
Classification number 200.1
100 ## - MAIN ENTRY--PERSONAL NAME
Personal name Chattopadhyaya, D. P.
9 (RLIN) 2
245 ## - TITLE STATEMENT
Title Religion, philosophy, and science
Remainder of title a sketch of a global view
Statement of responsibility, etc D.P. Chattopadhyaya.
260 ## - PUBLICATION, DISTRIBUTION, ETC. (IMPRINT)
Place of publication, distribution, etc Shimla
Name of publisher, distributor, etc Indian Institute of Advanced Studies
Date of publication, distribution, etc 2006.
270 ## - ADDRESS
Address Indian Institute of Advanced study, Rashtrapati Nivas,
City Shimla
State or province H.P.
Postal code 171005
300 ## - PHYSICAL DESCRIPTION
Extent 253 p. ;
Dimensions 25 cm. (Hb)
500 ## - GENERAL NOTE
General note Includes bibliographical references and index
650 ## - SUBJECT ADDED ENTRY--TOPICAL TERM
Topical term or geographic name as entry element Philosophy and religion.
650 ## - SUBJECT ADDED ENTRY--TOPICAL TERM
Topical term or geographic name as entry element Religion and culture.
650 ## - SUBJECT ADDED ENTRY--TOPICAL TERM
Topical term or geographic name as entry element Religions
General subdivision Relations.
651 ## - SUBJECT ADDED ENTRY--GEOGRAPHIC NAME
Geographic name India
General subdivision Religion.
710 ## - ADDED ENTRY--CORPORATE NAME
Corporate name or jurisdiction name as entry element Indian Institute of Advanced Study.
9 (RLIN) 7
942 ## - ADDED ENTRY ELEMENTS (KOHA)
Institution code [OBSOLETE] dpl
Koha item type English Books
Call number prefix 200.1 / CHA
Source of classification or shelving scheme Dewey Decimal Classification
Classification part 200.1
Call number suffix CHA
Holdings
Withdrawn status Lost status Source of classification or shelving scheme Damaged status Not for loan Home library Current library Date acquired Cost, normal purchase price Total Checkouts Full call number Barcode Date last seen Copy number Uniform Resource Identifier Cost, replacement price Price effective from Koha item type
    Dewey Decimal Classification     D.B.Act.Division D.B.Act.Division 23/07/2008 500.00   200.1 EN-68518 15/09/2008 1 830 500.00 15/09/2008 English Books

© Delhi Public Library
Hit Counter
free hit counter